| 000 | 00556nam a22002057a 4500 | ||
|---|---|---|---|
| 003 | OSt | ||
| 005 | 20150513152938.0 | ||
| 008 | 130301t xxu||||| |||| 00| 0 eng d | ||
| 020 | _a9715844987 | ||
| 050 |
_aQA 154.3 _b.B352 2006 |
||
| 082 |
_aFIL 512 _bC68 2006 |
||
| 245 |
_aCollege algebra / _c Leodegario SM. Bautista [and 5 others]. |
||
| 260 |
_aQuezon City : _bC & E Pub., _c2006. |
||
| 300 |
_a256 pages : _c25 cm. _billustrations ; |
||
| 526 | _c1210L-1700L | ||
| 562 | _e1 | ||
| 650 | _aAlgebra. | ||
| 942 |
_2lcc _cBK _kFIL |
||
| 999 |
_c283973 _d283973 |
||